Т. 21, № 4; Химическая физика

Bibliographische Detailangaben
Parent link:Химическая физика/ Российская академия наук (РАН). Т. 21, № 4.— , 1983-.— 0207-401X
Sprache:Russisch
Veröffentlicht: 2002
Format: MixedMaterials Buch
KOHA link:https://koha.lib.tpu.ru/cgi-bin/koha/opac-detail.pl?biblionumber=381834

MARC

LEADER 00000nam2a2200000 4500
001 381834
005 20231101062900.0
035 |a (RuTPU)RU\TPU\prd\4878 
090 |a 381834 
100 |a 20020618a19829999k y0rusy50 ca 
101 0 |a rus 
102 |a RU 
200 0 |a Т. 21, № 4 
210 |d 2002 
461 1 |0 (RuTPU)RU\TPU\prd\417  |x 0207-401X  |t Химическая физика  |f Российская академия наук (РАН)  |v Т. 21, № 4  |d 1983- 
801 0 |a RU  |b 63413507  |c 20010227  |g PSBO 
801 1 |a RU  |b 63413507  |c 20020618  |g PSBO 
801 2 |a RU  |b 63413507  |c 20121011  |g RCR 
942 |c BK 
999 |a НТБ_ТПУ  |b НФ  |e -1/20020212  |p П-9095  |s 1/20020226  |u 0,00  |v 1